[Event "CHI-chT"]
[Site "Santiago de Chile"]
[Date "2019.09.26"]
[Round "3.1"]
[White "Molina Hidalgo, Juan"]
[Black "Lobos Barrenechea, Miguel"]
[Result "0-1"]
[WhiteElo "1902"]
[BlackElo "2326"]
[PlyCount "108"]
[EventDate "2019.09.05"]
[EventType "team-swiss"]
[EventRounds "9"]
[EventCountry "CHI"]
[SourceTitle "CBM 193 Extra"]
[Source "ChessBase"]
[SourceDate "2020.01.31"]
[SourceVersion "1"]
[SourceVersionDate "2020.01.31"]
[SourceQuality "1"]
[WhiteTeam "La Florida CC USM"]
[BlackTeam "Traslavina Petshop"]
[WhiteTeamCountry "CHI"]
[BlackTeamCountry "CHI"]

1. e4 c5 2. Nf3 d6 3. d4 cxd4 4. Nxd4 Nf6 5. Nc3 a6 6. f3 e5 7. Nb3 Be6 8. Be3 Nbd7 9. Qd2 Nb6 10. 0-0-0 Be7 11. g4 Rc8 12. h4 0-0 13. h5 h6 14. g5 hxg5 15. Bxg5 d5 16. Bd3 d4 17. Ne2 Nxe4 18. Bxe4 Bxg5 19. f4 Bh6 20. Kb1 Qc7 21. Na5 Nd5 22. Nb3 f5 23. Nbxd4 exd4 24. Nxd4 Nxf4 25. Bf3 Rfd8 26. Qf2 Qb6 27. Qg1 Kh8 28. Nxe6 Rxd1+ 29. Qxd1 Nxe6 30. Qd3 Nd4 31. Bd1 Rd8 32. Qh3 Qc6 33. Re1 Re8 34. Rf1 Qe4 35. a3 Rc8 36. Qh2 Qe3 37. Ka2 f4 38. c3 Qe6+ 39. Kb1 Nf5 40. Bf3 Ne3 41. Rg1 Rd8 42. Qe2 Qb3 43. Rc1 Bg5 44. Be4 Nc4 45. Ka1 f3 46. Qc2 Qxc2 47. Rxc2 Nd2 48. Bxb7 Rd6 49. c4 f2 50. Bg2 Nb3+ 51. Ka2 Nc1+ 52. Kb1 Rd1 53. c5 a5 54. a4 Nd3+ 0-1